Լեթարգիական արթնություն : (Record no. 311267)
[ view plain ]
| 000 -LEADER | |
|---|---|
| fixed length control field | 00681nam a2200205 a 4500 |
| 001 - CONTROL NUMBER | |
| control field | 000890350 |
| 003 - CONTROL NUMBER IDENTIFIER | |
| control field | AM-YeHGA |
| 005 - DATE AND TIME OF LATEST TRANSACTION | |
| control field | 20250618074105.0 |
| 008 - FIXED-LENGTH DATA ELEMENTS--GENERAL INFORMATION | |
| fixed length control field | 120510s2012 ai r 000 0 arm d |
| 020 ## - INTERNATIONAL STANDARD BOOK NUMBER | |
| Canceled/invalid ISBN | 978-9939-51-361-4 |
| 040 ## - CATALOGING SOURCE | |
| Original cataloging agency | AM-YeHGA |
| 041 0# - LANGUAGE CODE | |
| Language code of text/sound track or separate title | arm |
| 090 ## - LOCALLY ASSIGNED LC-TYPE CALL NUMBER (OCLC); LOCAL CALL NUMBER (RLIN) | |
| -- | 312985 |
| 100 1# - MAIN ENTRY--PERSONAL NAME | |
| Personal name | Հարենց, Էդուարդ, |
| Dates associated with a name | 1981- |
| 9 (RLIN) | 4088 |
| 245 10 - TITLE STATEMENT | |
| Title | Լեթարգիական արթնություն : |
| Remainder of title | Բանաստեղծություններ / |
| Statement of responsibility, etc. | Է. Հարենց. |
| 260 ## - PUBLICATION, DISTRIBUTION, ETC. | |
| Place of publication, distribution, etc. | Երևան : |
| Name of publisher, distributor, etc. | Անտարես, |
| Date of publication, distribution, etc. | 2012. |
| 300 ## - PHYSICAL DESCRIPTION | |
| Extent | 120 էջ ; |
| Dimensions | 20 սմ. |
| 440 #0 - SERIES STATEMENT/ADDED ENTRY--TITLE | |
| Title | Հայ ժամանակակից պոեզիա |
| 650 14 - SUBJECT ADDED ENTRY--TOPICAL TERM | |
| Topical term or geographic name entry element | Հայ գրականություն |
| General subdivision | Պոեզիա |
| Withdrawn status | Lost status | Damaged status | Not for loan | Collection | Home library | Current library | Date acquired | Cost, normal purchase price | Shelving control number | Total checkouts | Full call number | Barcode | Date last seen | Price effective from | Koha item type | Public note | Source of classification or shelving scheme |
|---|---|---|---|---|---|---|---|---|---|---|---|---|---|---|---|---|---|
| General | Fundamental Scientific Library | Fundamental Scientific Library | 09/01/2017 | 1450.00 | AII/98060 | FL0224010 | 09/01/2017 | 09/01/2017 | Գրքեր / Books | 30 Days Loan | |||||||
| General | Fundamental Scientific Library | Fundamental Scientific Library | 09/01/2017 | 1450.00 | AII/98555 | FL0224854 | 09/01/2017 | 09/01/2017 | Գրքեր / Books | 30 Days Loan | |||||||
| General | Fundamental Scientific Library | Fundamental Scientific Library | 09/01/2017 | 1450.00 | AII/98556 | FL0224855 | 09/01/2017 | 09/01/2017 | Գրքեր / Books | 30 Days Loan | |||||||
| General | Fundamental Scientific Library | Fundamental Scientific Library | 08/04/2019 | AII/104475 | FL0572156 | 08/04/2019 | 08/04/2019 | Գրքեր / Books | 30 Days Loan | Universal Decimal Classification | |||||||
| General | Fundamental Scientific Library | Fundamental Scientific Library | 03/12/2020 | AII/106399 | FL0635142 | 03/12/2020 | 03/12/2020 | Գրքեր / Books | 30 Days Loan | ||||||||
| General | Fundamental Scientific Library | Fundamental Scientific Library | 03/12/2020 | AII/106400 | FL0635143 | 03/12/2020 | 03/12/2020 | Գրքեր / Books | 30 Days Loan | ||||||||
| General | Fundamental Scientific Library | Fundamental Scientific Library | 04/12/2020 | AII/106401 | FL0635155 | 04/12/2020 | 04/12/2020 | Գրքեր / Books | 30 Days Loan |
ՀՀ Գիտությունների ազգային ակադեմիայի հիմնարար գիտական գրադարան = Fundamental Scientific Library of NAS RA
All site content, except where otherwise noted, is licensed under a